| 000 | 01036nac a22003377a 4500 | ||
|---|---|---|---|
| 001 | BR6900621 | ||
| 003 | BR-BrBNA | ||
| 005 | 20240105113351.0 | ||
| 008 | 230509b bl.|||m| |||| 00| 0 por d | ||
| 040 |
_aBR-BrBNA _bpor _cBiblioteca Nacional de Agricultura |
||
| 072 | _aM10; E50 | ||
| 090 | _aM10 BR6900621 | ||
| 100 | 1 | _aBritto, R.C. | |
| 100 | 1 | _aBahia, M.D. | |
| 100 | 1 | _aSantos, M.A. | |
| 100 | 1 | _aSouza, M. de N.A. de | |
| 100 | 1 | _aBrasil, A.B | |
| 100 | 1 | _aSimoes, M.T.C. | |
| 100 | 1 | _aTupiassu, A.A. | |
| 110 | 1 | _aInstituto do Desenvolvimento Economico-Social do Para, Belem (Brasil) | |
| 245 | 1 | _aAspectos socio-culturais da pesca em Vigia [Para, Brasil] | |
| 260 | 3 |
_aBelem, PA (Brasil): _c1969. |
|
| 300 | _a43 p. | ||
| 490 |
_aEstudos Paraenses - Instituto do Desenvolvimento Economico-Social do Para (Brazil) _vno. 28 _x |
||
| 650 | _aPESCA | ||
| 650 | _aPESCADOR | ||
| 650 | _aCOMUNIDADE PESQUEIRA | ||
| 650 | _aPARA | ||
| 909 |
_a202312 _bLúcia Elande _c55 _dLúcia Elande |
||
| 942 |
_2AGRIS _n0 _cMS |
||
| 999 |
_c263331 _d263331 |
||